| 000 | 00657nam a2200229 i 4500 | ||
|---|---|---|---|
| 001 | 34627 | ||
| 003 | ES-MaACL | ||
| 005 | 20240510125955.0 | ||
| 007 | t| | ||
| 008 | 030207s1983 sp ||||1| spa d | ||
| 020 | _a8470394134 | ||
| 100 | 1 |
_aBlecua, Alberto. _929458 |
|
| 245 | 1 | 0 |
_aManual de crÃtica textual / _cAlberto Blecua. |
| 260 |
_a[Madrid] : _bCastalia, _c[1983] |
||
| 300 |
_a360 p. ; _c19 cm. |
||
| 490 | 1 |
_aLiteratura y sociedad ; _v33 |
|
| 830 | 0 |
_aLiteratura y sociedad (Madrid) ; _v33 _9179352 |
|
| 852 |
_aES-MaACL _jL-8290 _bR.108834 |
||
| 852 |
_aES-MaACL _jL-9727 _bR.111378 |
||
| 942 | _2udc | ||
| 999 |
_c34627 _d34627 |
||